MODEN CONCEPT OF MINE SURVEYING (VOL-1) (Record no. 5668)

MARC details
000 -LEADER
fixed length control field 00392nam a22001577a 4500
005 - DATE AND TIME OF LATEST TRANSACTION
control field 20210824145837.0
008 - FIXED-LENGTH DATA ELEMENTS--GENERAL INFORMATION
fixed length control field 171206b xxu||||| |||| 00| 0 eng d
041 ## - LANGUAGE CODE
Language code of text/sound track or separate title eng
082 ## - DEWEY DECIMAL CLASSIFICATION NUMBER
Classification number 622.14
100 ## - MAIN ENTRY--AUTHOR NAME
Personal name CHAND, ALAM
245 ## - TITLE STATEMENT
Title MODEN CONCEPT OF MINE SURVEYING (VOL-1)
Statement of responsibility, etc ALAM CHAND
260 ## - PUBLICATION, DISTRIBUTION, ETC. (IMPRINT)
Place of publication DHANBAD
Name of publisher NEW SKETCH PRESS
300 ## - PHYSICAL DESCRIPTION
Number of Pages 139p,
650 ## - SUBJECT ADDED ENTRY--TOPICAL TERM
Topical Term MINING
942 ## - ADDED ENTRY ELEMENTS (KOHA)
Koha item type Books
Holdings
Lost status Damaged status Home library Current library Shelving location Date acquired Source of acquisition Cost, normal purchase price Full call number Accession Number Koha item type Collection code
    JRU Library   SHELF-88-A 06/12/2017 PURCHESS 250.00 622.14 22289 Books  
    JRU Library JRU Library SHELF-88-A 06/12/2017 PURCHESS 250.00 622.14 22290 Books MINING
    JRU Library JRU Library SHELF-88-A 06/12/2017 PURCHESS 250.00 622.14 22291 Books MINING
    JRU Library   SHELF-88-A 06/12/2017 PURCHESS 250.00 622.14 22292 Books  
    JRU Library JRU Library SHELF-88-A 06/12/2017 PURCHESS 250.00 622.14 22293 Books MINING